000
00264 a2200085 4500
020
_a
9780500513828
100
_a
George M. Beylerian and Andrew H. Dent
245
_a
Ultra Materials: How Materials Innovation is Changing the World
260
_b
Thames & Hudson
_c
2007
999
_c
13245
_d
13245